Veľký Voz

Bibliographic Details
Main Author: Štefánik, Jozef Augustín, 1949-2001 (Author)
Format: Article
Language:Slovak
PhysicalDescription:Fot. 1.
Subjects:

MARC

LEADER 00000nab a2200000 a 4500
001 vtls000273161
003 SK-MaSNL
005 20260303191550.0
008 111130c1987 xo 0 slo
015 |a SNBRB19rr/mm-uuuuu 
035 |a CL0283275 
040 |a SNKBUCL  |b slo  |c SNKBUCL  |e AACR2 
041 0 |a slo 
044 |a xo  |c SK 
080 |a 885.4-1  |2 1981 
080 |a 784.66  |2 1981 
100 1 |a Štefánik, Jozef Augustín,  |d 1949-2001  |4 aut  |9 56697 
245 1 0 |a Veľký Voz  |c Jozef Augustín Štefánik 
300 |b Fot. 1. 
650 0 7 |a populárne piesne  |2 snkbucl  |9 3446 
655 7 |a články z novín a časopisov  |2 snkbucl  |9 267496 
655 7 |a články z odboru literárna veda a krásna literatúra  |2 snkbucl  |9 770045 
773 0 |t Populár  |g Roč. 19, č. 2 (1987), s. /33/ 
850 |a Slovenská národná knižnica v Martine  |a MTA001 
852 |a SNK  |b KIS3GCP 
958 |a RK 
958 |a LX 
992 |a RBX 
999 |c 2141821  |d 2143751